Aroyloxylation in aromatic systems /
Saved in:
| Main Author: | |
|---|---|
| Format: | Thesis Book |
| Language: | English |
| Published: |
1985
|
| Subjects: | |
| Tags: |
Add Tag
No Tags, Be the first to tag this record!
|
| LEADER | 00774cam a2200265 4500 | ||
|---|---|---|---|
| 001 | u80425 | ||
| 003 | SIRSI | ||
| 008 | 880715s1985 uk v 0 eng | ||
| 015 | |a X880081440 | ||
| 035 | |a AAI-7493 | ||
| 040 | |a UMM | ||
| 050 | 1 | |a QD335 | |
| 090 | 0 | 0 | |a QD335 |b Nora |c f |d Closed stacks |
| 100 | 0 | 0 | |a Norbani Abdullah. |
| 245 | 1 | 0 | |a Aroyloxylation in aromatic systems / |c by Norbani binti Abdullah |
| 260 | |c 1985 | ||
| 300 | |a x, 186 leaves : |b ill. ; |c 30 cm. | ||
| 500 | |a PPZ. | ||
| 502 | |a Thesis (Ph.D.) - University of London, 1985 | ||
| 504 | 0 | 0 | |a Bibliography: leaves 179-186 |
| 650 | 0 | |a Aromatic compounds. | |
| 650 | 0 | |a Oxidation. | |
| 948 | |a 17/03/1991 |b 27/11/2000 | ||
| 596 | |a 1 | ||
| 999 | |a F QD335 NORA |w LC |c 1 |i A010474025 |l STACKS |m P01UTAMA |r Y |s Y |t TESIS |u 8/1/1992 | ||
